000 00675nam a2200229Ia 4500
003 GCL
008 140319s9999 xx 000 0 ara d
040 _aGCL /
_cGCL
082 0 4 _a020
_bا ت
100 1 _aشعبان عبدالعزيز خليفة
245 1 0 _aتاريخ المكتبات /
_cشعبان عبدالعزيز خليفة
700 1 _aهيسيل, الفرد
260 _a[S.N] :
_bالمكتبة الاكاديمية ،
_c1993
300 _a198
490 _a
650 0 4 _aتاريخ
650 0 4 _aعلم المعلومات
650 0 4 _aعلم المكتبات
650 0 4 _aالمكتبات
650 0 4 _aعلم الكلام
942 _2ddc
_cBK
999 _c53741
_d53741